80 Lời mẹ gửi con gái

Αποθηκεύτηκε σε:
Λεπτομέρειες βιβλιογραφικής εγγραφής
Κύριος συγγραφέας: Từ, Ninh
Άλλοι συγγραφείς: Thanh Loan (dịch)
Μορφή: Βιβλίο
Έκδοση: Hà Nội Phụ Nữ 2017
Έκδοση:In lần 3
Θέματα:
Ετικέτες: Προσθήκη ετικέτας
Δεν υπάρχουν, Καταχωρήστε ετικέτα πρώτοι!
Thư viện lưu trữ: Trung tâm Học liệu Lê Vũ Hùng, Trường Đại học Đồng Tháp
LEADER 00780pam a22002658a 4500
001 00040715
005 20181108151159.0
008 161209s2014 ||||||Chisd
020 # # |a 978 604 56 2907 9  |c 65000 
041 0 # |a Vie 
082 1 4 |a 155.5  |b T104M 
100 1 # |a Từ, Ninh 
245 1 0 |a 80 Lời mẹ gửi con gái  |c Từ Ninh ; Thanh Loan 
250 # # |a In lần 3 
260 # # |b Phụ Nữ  |c 2017  |a Hà Nội 
300 # # |a 193 tr.  |c 23cm. 
653 # # |a Cha mẹ 
653 # # |a Gia đình 
653 # # |a Nuôi dạy trẻ 
653 # # |a Tuổi dậy thì 
653 # # |a Tâm lý 
700 1 # |a Thanh Loan  |e dịch 
852 # # |j KD.0022550 
910 |d 12/01/2018 
980 # # |a Trung tâm Học liệu Lê Vũ Hùng, Trường Đại học Đồng Tháp